000 01288nam a22003370a 4500
001 PT52559
003 AR-LpoUNG
005 20210131231522.0
008 191001s2006||||ag |||||||||||||||||spa d
020 _a9870403026
_c$44,66
040 _aAR-LpoUNG
_bspa
_cAR-LpoUNG
_eaacr
041 _aspa
044 _aag
082 0 _aA863 117tie
100 1 _aHeker, Liliana
_epról.
245 1 0 _aTierra marcada :
_bantología de cuentos latinoamericanos del siglo XX
250 _a1ra. ed.
260 _aBuenos Aires :
_bAlfaguara,
_c2006.
300 _a183 p. :
_btbls., gráfs.
505 0 _aContenido: Un rato de tenmealla / Guillermo Cabrera Infante - Reunión / Julio Cortázar - El güero / José Donoso - La prodigiosa tarde de Baltazar / Gabriel García Márquez - La culpa es de los tlaxcaltecas / Elena Garro - Viaje a Petrópolis / Clarice Lispector - La tela de araña / Julio Ramón Ribeyro - Hogar / Augusto Roa Bastos - La cuesta de las comadres / Juan Rulfo
650 4 _aAMERICA LATINA
650 4 _aANTOLOGIAS
650 4 _aCUENTOS
650 4 _aIDENTIDAD CULTURAL
650 4 _aLITERATURA
651 4 _aDOCUMENTOS TEORICOS O METODOLOGICOS
653 _aLITERATURA ARGENTINA
700 1 _aAnsolabehere, Pablo
_eint.
905 _a52559
942 _cLSALA
999 _c10491
_d10491